00956nam a2200241 a 450000100100000000500170001000800410002704000250006808200230009310000280011624500960014425000120024026000720025230000330032450400560035759000260041365000220043965000330046170000450049491000370053995201210057699900170069700001814520260114102846.0100416s1977 dr a 001 0 spa d aDO-SdBNPbspacBNPHU a150.1bA926t, 19771 aAun Beor, Samuel93931410aTratado de psicología revolucionaria /cSamuel Aun Beor ; prólogo Guillermo González. a6ª ed. aSantiago de los Caballeros, República Dominicana :bMoran,c1977. a176, [10]p. :bil. ;c17 cm. aIncluye bibliografía y notas al pie de páginas. aInventariado, 2018/LP 0aPsicología9152 0aConducta (Psicología)96731 aGonzález, Guillermo,eprólogo939315 aValidado. Control de calidad EMS 0010718PDaPDbPDcHDd2010-04-16iLF1l0o150.1 A926t, 1977p18145-10r2020-06-25w2020-06-25yLFPDZNo se presta c17666d17666